| 000 | 00927pam a2200289 a 4500 | ||
|---|---|---|---|
| 001 | 462396 | ||
| 003 | Ke-BoTe | ||
| 005 | 20220622143343.0 | ||
| 008 | 831128s1984 mnua b 001 0 eng | ||
| 010 | _a 83023568 | ||
| 020 |
_a0314778624 : _c$24.95 |
||
| 020 |
_a0314778659 (International ed.) : _c$17.00 |
||
| 040 |
_aDLC _cDLC _dDLC |
||
| 050 | 0 | 0 |
_aQP141 _b.W46 1984 |
| 082 | 0 | 0 |
_a613.2 _219 |
| 100 | 1 |
_aWhitney, Eleanor Noss. _98754 |
|
| 245 | 1 | 0 |
_aUnderstanding nutrition / _cEleanor Noss Whitney, Eva May Nunnelley Hamilton. |
| 250 | _a3rd ed. | ||
| 260 |
_aSt. Paul : _bWest Pub. Co., _cc1984. |
||
| 300 |
_axvi, 573, 215 p. : _bill. (some col.) ; _c26 cm. |
||
| 504 | _aIncludes bibliographical references and index. | ||
| 650 | 0 |
_aNutrition. _92671 |
|
| 650 | 0 |
_aMetabolism. _98755 |
|
| 700 | 1 |
_aHamilton, Eva May Nunnelley. _98756 |
|
| 906 |
_a7 _bcbc _corignew _d1 _eocip _f19 _gy-gencatlg |
||
| 942 |
_2lcc _cBK _n0 |
||
| 999 |
_c4255 _d4255 |
||